[Event "Elit(Limhamn-Stockholms SS)"]
[Site "?"]
[Date "2017.10.20"]
[Round "1"]
[White "Hauge, Lars Oskar"]
[Black "Johansson, Linus"]
[Result "1/2-1/2"]
[WhiteElo "2433"]
[BlackElo "2468"]
[PlyCount "75"]
[EventDate "2017.??.??"]
[SourceDate "2017.10.24"]
1. d4 Nf6 2. Bf4 d5 3. e3 Bg4 4. Nf3 e6 5. c4 Bb4+ 6. Nc3 O-O 7. Qb3 c5 8. Ne5
Nc6 9. Nxg4 Nxg4 10. cxd5 Qxd5 11. Qxd5 exd5 12. a3 Bxc3+ 13. bxc3 c4 14. Rb1
b6 15. f3 Nf6 16. Bg5 Rfe8 17. Kf2 Re6 18. h4 h6 19. Bf4 Nh5 20. Bh2 Rae8 21.
Re1 f5 22. Be2 b5 23. Bd1 a5 24. Bc2 g6 25. Rhg1 Nf6 26. Bf4 Kg7 27. Rb1 b4 28.
axb4 axb4 29. cxb4 Nh5 30. Ba4 Nxf4 31. exf4 Rb8 32. Bxc6 Rxc6 33. Rge1 Rcb6
34. Re5 Rxb4 35. Rxb4 Rxb4 36. Rxd5 Rb2+ 37. Kg3 h5 38. Rc5 1/2-1/2

[Event "Elit(LASK-Farsta)"]
[Site "?"]
[Date "2017.10.20"]
[Round "1"]
[White "Degerman, Lars"]
[Black "Hall, Jesper"]
[Result "1/2-1/2"]
[WhiteElo "2451"]
[BlackElo "2500"]
[PlyCount "133"]
1. c4 e5 2. g3 Nc6 3. Nc3 f5 4. Nf3 Nf6 5. d4 e4 6. Nh4 g6 7. Bg5 Be7 8. e3 d6
9. Be2 Kf7 10. Ng2 h6 11. Bxf6 Bxf6 12. Nf4 Ne7 13. O-O c6 14. f3 exf3 15. Bxf3
Bd7 16. Qd3 Qc7 17. Rad1 Rae8 18. e4 Rhf8 19. c5 Bg5 20. Qc4+ Kg7 21. cxd6 Qxd6
22. e5 Qb8 23. Rfe1 Nc8 24. d5 Nb6 25. Qd4 Nxd5 26. Ncxd5 cxd5 27. Bxd5 Bc8 28.
Rc1 h5 29. Kg2 Re7 30. h4 Bh6 31. Bb3 Kh7 32. Qd6 Qxd6 33. exd6 Rxe1 34. Rxe1
Bxf4 35. gxf4 Rd8 36. Re7+ Kh8 37. Ba4 Rxd6 38. Re8+ Kg7 39. Rxc8 Rd4 40. Bb3
Rxf4 41. Rc7+ Kf6 42. Rxb7 Rxh4 43. Rxa7 Rg4+ 44. Kf2 Rf4+ 45. Ke3 Re4+ 46. Kd3
h4 47. Ra6+ Kg7 48. Rc6 g5 49. Bd5 Re5 50. Bg2 g4 51. Rc2 f4 52. Rf2 Re3+ 53.
Kd4 Rg3 54. Ke4 f3 55. Bxf3 gxf3 56. Kf4 Kg6 57. a3 Kh5 58. Rxf3 Rg2 59. Rb3
Rf2+ 60. Ke3 Rf6 61. Rb8 h3 62. Rh8+ Kg4 63. Rg8+ Kh4 64. Rh8+ Kg3 65. Rg8+ Kh4
66. Rh8+ Kg3 67. Rg8+ 1/2-1/2

[Event "Elit(Team Viking-Kungstornet)"]
[Site "?"]
[Date "2017.10.20"]
[Round "1"]
[White "Cicak, Slavko"]
[Black "Goganov, Aleksey"]
[Result "0-1"]
[WhiteElo "2512"]
[BlackElo "2567"]
[PlyCount "66"]
1. e4 e5 2. Nf3 Nc6 3. Bb5 Nf6 4. d3 Bc5 5. Bxc6 dxc6 6. Bg5 Be7 7. Nxe5 Nxe4
8. Bxe7 Qxe7 9. dxe4 Qxe5 10. Nc3 Be6 11. O-O Qc5 12. Qd2 O-O 13. Rad1 a5 14.
Qd4 Qb4 15. b3 h6 16. Na4 b6 17. f4 Bg4 18. Qxb4 axb4 19. Rd2 Rfd8 20. Rff2 c5
21. f5 f6 22. c4 Bh5 23. Nb2 Rxd2 24. Rxd2 Rxa2 25. h3 Kf8 26. g4 Bf7 27. Kf2
Ke7 28. Ke3 b5 29. Kf4 Ra3 30. Nd3 bxc4 31. bxc4 Bxc4 32. Nxc5 Bb5 33. Ne6 g5+
0-1

[Event "Elit(Limhamn-Stockholms SS)"]
[Site "?"]
[Date "2017.10.20"]
[Round "1"]
[White "Hector, Jonny"]
[Black "Seo, Jung Min"]
[Result "1-0"]
[WhiteElo "2479"]
[BlackElo "2433"]
[PlyCount "103"]
[EventDate "2017.??.??"]
1. e4 c5 2. Nf3 d6 3. d4 cxd4 4. Nxd4 Nf6 5. Nc3 a6 6. Bg5 e6 7. f4 Be7 8. Qf3
Qc7 9. O-O-O Nbd7 10. f5 e5 11. Nde2 b5 12. Bxf6 Nxf6 13. Nd5 Nxd5 14. exd5 Qc4
15. Kb1 Qb4 16. Ng3 Qf4 17. Qa3 Bd7 18. Bd3 b4 19. Qb3 a5 20. Be4 Bf6 21. Rhf1
Qh4 22. Qf3 h5 23. h3 a4 24. Bd3 Qd4 25. Be4 Qc5 26. Nxh5 a3 27. Nxf6+ gxf6 28.
b3 Bb5 29. Rfe1 Rh4 30. g4 Kd7 31. Qe3 Qc7 32. Qd2 Qc5 33. Bg2 Rhh8 34. Re4 Qc3
35. Qxc3 bxc3 36. Rb4 Rab8 37. Re1 Rhc8 38. Kc1 Kc7 39. Re3 Kd7 40. Be4 Bf1 41.
Rxb8 Rxb8 42. Rxc3 Rh8 43. Rg3 Kc7 44. Rg1 Ba6 45. Rh1 Kb6 46. c3 Kc5 47. Kc2
Bb7 48. b4+ Kc4 49. h4 Rg8 50. Rg1 Rh8 51. h5 Bc8 52. Rd1 1-0

[Event "Elit(LASK-Farsta)"]
[Site "?"]
[Date "2017.10.20"]
[Round "1"]
[White "Tikkanen, Hans"]
[Black "Sammalvuo, Tapani"]
[Result "1/2-1/2"]
[WhiteElo "2516"]
[BlackElo "2419"]
[PlyCount "93"]
1. c4 Nf6 2. Nf3 e6 3. g3 d5 4. Bg2 Be7 5. O-O O-O 6. b3 c5 7. Bb2 Nc6 8. e3 d4
9. exd4 cxd4 10. Re1 Ne8 11. d3 f6 12. a3 a5 13. Nbd2 e5 14. Nh4 Nc7 15. Qh5
Qe8 16. Qxe8 Rxe8 17. f4 exf4 18. gxf4 Bg4 19. h3 Bd7 20. f5 Rad8 21. Rad1 Bc8
22. Be4 Bd6 23. Ndf3 Bg3 24. Rf1 g5 25. fxg6 hxg6 26. Kg2 Bxh4 27. Nxh4 Kg7 28.
Nf3 Ne6 29. Rde1 Nc5 30. Bxc6 bxc6 31. Rxe8 Rxe8 32. Bxd4 Nxd3 33. Kg3 Re4 34.
a4 Bf5 35. Bc3 Nc5 36. Nd2 Re3+ 37. Rf3 Rxf3+ 38. Kxf3 Bc2 39. Bxa5 Nxb3 40.
Nxb3 Bxb3 41. c5 Bxa4 42. h4 Kf7 43. Kf4 Ke6 44. Bd8 Bb3 45. Bc7 Kd5 46. Bd6
Bc2 47. Be7 1/2-1/2

[Event "Elit(Team Viking-Kungstornet)"]
[Site "?"]
[Date "2017.10.20"]
[Round "1"]
[White "Agrest, Evgenij"]
[Black "von Bahr, Oskar"]
[Result "1-0"]
[WhiteElo "2600"]
[BlackElo "2431"]
[PlyCount "132"]
1. Nf3 Nf6 2. c4 c5 3. Nc3 Nc6 4. d4 cxd4 5. Nxd4 e6 6. g3 Qb6 7. Ndb5 Ne5 8.
Bg2 a6 9. Qa4 Rb8 10. Na3 Be7 11. O-O O-O 12. Bf4 d6 13. Qb3 Qxb3 14. axb3 b5
15. cxb5 axb5 16. Naxb5 Bd7 17. Nd4 Ng6 18. Bc1 d5 19. Rd1 e5 20. Nc2 d4 21.
Nd5 Be6 22. Nxe7+ Nxe7 23. f4 exf4 24. Bxf4 Rxb3 25. Bd6 Re8 26. Ba3 Nf5 27.
Nxd4 Nxd4 28. Rxd4 Bg4 29. Bc6 Rc8 30. Rad1 Rbb8 31. Bf3 h5 32. Rb4 Bxf3 33.
Rxb8 Rxb8 34. exf3 Rb3 35. Kf2 g5 36. Ke2 g4 37. Rd3 Rb5 38. Rd4 Re5+ 39. Kf2
Kg7 40. Bb4 Rf5 41. f4 Kg6 42. Be7 Ng8 43. Bd6 Rb5 44. b4 Nh6 45. Bc5 Nf5 46.
Rd8 Ng7 47. Rd6+ Kf5 48. Rd5+ Ke4 49. Rd4+ Kf5 50. Ke2 Rb8 51. Kd3 f6 52. Rd5+
Kg6 53. Kc4 Nf5 54. b5 h4 55. gxh4 Nxh4 56. Bd6 Rc8+ 57. Rc5 Nf5 58. Bc7 Rh8
59. b6 Rxh2 60. b7 Rc2+ 61. Kd5 Rd2+ 62. Ke6 Nd4+ 63. Ke7 Rb2 64. b8=Q Rxb8 65.
Bxb8 g3 66. Ba7 g2 1-0

[Event "Elit(Limhamn-Stockholms SS)"]
[Site "?"]
[Date "2017.10.20"]
[Round "1"]
[White "Lokander, Martin"]
[Black "Jepson, Christian"]
[Result "1/2-1/2"]
[WhiteElo "2366"]
[BlackElo "2417"]
[PlyCount "102"]
1. d4 d5 2. c4 e6 3. Nf3 Nf6 4. Nc3 Be7 5. Bf4 O-O 6. e3 b6 7. Bd3 dxc4 8. Bxc4
Bb7 9. Qe2 a6 10. O-O Nbd7 11. Rfd1 Nh5 12. Ne5 Nxf4 13. exf4 Qe8 14. Rac1 Nf6
15. Re1 b5 16. Bb3 Bb4 17. a3 Ba5 18. Ba2 Rd8 19. Red1 Bb6 20. Qe3 Rd6 21. Ne2
Qa8 22. f3 Rfd8 23. f5 Bd5 24. Bb1 exf5 25. Bxf5 g6 26. Qg5 Re8 27. Kf1 Qd8 28.
Nf4 Nh5 29. Qxd8 Rexd8 30. Nxh5 gxf5 31. Ng3 f6 32. Nd3 Bb3 33. Nxf5 Bxd1 34.
Nxd6 Bxf3 35. gxf3 Rxd6 36. Ke2 Rxd4 37. Nc5 Rh4 38. Nxa6 Rxh2+ 39. Kd3 Rxb2
40. Nxc7 Bxc7 41. Rxc7 Rb3+ 42. Ke4 Rxa3 43. Rb7 Rb3 44. f4 h5 45. Kf5 h4 46.
Kg6 Kf8 47. Kxf6 Ke8 48. Ke6 Re3+ 49. Kf6 Rb3 50. Ke6 Re3+ 51. Kf6 Rb3 1/2-1/2

[Event "Elit(LASK-Farsta)"]
[Site "?"]
[Date "2017.10.20"]
[Round "1"]
[White "Ernst, Thomas"]
[Black "Smith, Axel"]
[Result "1-0"]
[WhiteElo "2371"]
[BlackElo "2509"]
[PlyCount "143"]
1. e4 e5 2. Nf3 Nf6 3. Nxe5 d6 4. Nf3 Nxe4 5. Qe2 Qe7 6. d3 Nf6 7. Bg5 Qxe2+ 8.
Bxe2 Be7 9. Nc3 h6 10. Bd2 Nc6 11. O-O-O Be6 12. Nb5 O-O-O 13. Nfd4 Nxd4 14.
Nxd4 Bd7 15. Rde1 Rhe8 16. h3 d5 17. g4 c5 18. Nf5 Bf8 19. Bf3 Re6 20. Bf4 Rde8
21. Kd2 Rxe1 22. Rxe1 Rxe1 23. Kxe1 Bxf5 24. gxf5 d4 25. Kd2 Ne8 26. Ke2 Bd6
27. Bd2 Nf6 28. c3 Be5 29. cxd4 Bxd4 30. b4 cxb4 31. Bxb4 b6 32. Bd6 Kd7 33.
Bf4 Bb2 34. Kd2 Ne8 35. Be3 Nd6 36. Bg4 Bf6 37. Kc2 Kc6 38. d4 Nb5 39. Kd3 Nd6
40. Bf4 Bg5 41. Be5 f6 42. Bg3 Bc1 43. Kc2 Ba3 44. Bf4 Nb5 45. Kb3 Bd6 46. Bf3+
Kd7 47. Be3 Bh2 48. Kc4 Nd6+ 49. Kd5 Nb5 50. Bd2 Bg1 51. Be1 Nd6 52. Be2 Nxf5
53. Bg4 g6 54. Ke4 Ke6 55. d5+ Kf7 56. Bxf5 gxf5+ 57. Kxf5 b5 58. d6 b4 59.
Bxb4 Bxf2 60. Ba5 Bb6 61. Bxb6 axb6 62. a4 Ke8 63. Kxf6 Kd7 64. Ke5 h5 65. h4
Kd8 66. Ke6 Ke8 67. d7+ Kd8 68. Kd6 b5 69. a5 b4 70. a6 b3 71. a7 b2 72. a8=Q#
1-0

[Event "Elit(Team Viking-Kungstornet)"]
[Site "?"]
[Date "2017.10.20"]
[Round "1"]
[White "Aronsson, Marten"]
[Black "Berg, Emanuel"]
[Result "0-1"]
[WhiteElo "2328"]
[BlackElo "2559"]
[PlyCount "100"]
1. d4 Nf6 2. Nf3 e6 3. g3 b5 4. Bg2 d5 5. O-O Be7 6. b3 O-O 7. c4 bxc4 8. bxc4
c6 9. Qa4 Ba6 10. Nbd2 Nfd7 11. cxd5 cxd5 12. Re1 Nb6 13. Qb3 Nc6 14. Ba3 Rc8
15. Bxe7 Qxe7 16. e4 dxe4 17. Nxe4 Bc4 18. Qb2 Rfd8 19. a3 h6 20. Ned2 Bd5 21.
Rac1 Qf6 22. Ne4 Bxe4 23. Rxe4 Nxd4 24. Nxd4 Rxc1+ 25. Qxc1 Rxd4 26. h3 Rxe4
27. Bxe4 Qd4 28. Qf4 f5 29. Qb8+ Kh7 30. Bf3 Qd7 31. Kg2 Nc4 32. Bh5 g6 33. Be2
Nxa3 34. Qf8 Nc2 35. Bb5 Qb7+ 36. Kh2 Nd4 37. Be8 Nf3+ 38. Kg2 Nd4+ 39. Kh2 Qg7
40. Qd6 e5 41. h4 h5 42. f4 Nf3+ 43. Kh3 e4 44. Qe6 Kh6 45. Qd6 e3 46. Bxg6
Qxg6 47. Qf8+ Qg7 48. Qd6+ Kh7 49. Qe6 Qg4+ 50. Kg2 Ne1+ 0-1

[Event "Elit(Limhamn-Stockholms SS)"]
[Site "?"]
[Date "2017.10.20"]
[Round "1"]
[White "Hansen, Mads"]
[Black "Ertan, Can"]
[Result "0-1"]
[WhiteElo "2393"]
[BlackElo "2373"]
[PlyCount "116"]
1. e4 e5 2. Nf3 Nc6 3. Bb5 a6 4. Ba4 Nf6 5. O-O Be7 6. Re1 b5 7. Bb3 O-O 8. h3
Bb7 9. d3 d6 10. a3 Qd7 11. Nc3 Rfe8 12. Bg5 Nd8 13. Nd5 Nxd5 14. exd5 Bxg5 15.
Nxg5 f6 16. Ne4 Nf7 17. a4 f5 18. Ng3 Nh6 19. axb5 axb5 20. Rxa8 Bxa8 21. f4
Kh8 22. Qh5 Bb7 23. d4 e4 24. Ra1 Ra8 25. Rxa8+ Bxa8 26. Nf1 Ng8 27. Ne3 g6 28.
Qh4 Bb7 29. c3 Qe7 30. Qe1 Qd8 31. Qf1 Bc8 32. Bd1 Bd7 33. Be2 b4 34. c4 Qf6
35. Qd1 Qh4 36. Qf1 g5 37. fxg5 Qxg5 38. Qc1 Ne7 39. Kh1 Ng6 40. Qd2 Nf4 41.
Bf1 Nh5 42. Qe1 Ng3+ 43. Kh2 f4 44. Nd1 Qf6 45. Qf2 Kg7 46. Kg1 Qg5 47. Kh2 Qh4
48. Be2 Qg5 49. b3 h5 50. Qe1 h4 51. Nf2 f3 52. gxf3 Qe3 53. Nxe4 Nxe2 54. Qf1
Nxd4 55. Qg2+ Kf8 56. Qg6 Qe2+ 57. Kh1 Qf1+ 58. Kh2 Nxf3# 0-1

[Event "Elit(LASK-Farsta)"]
[Site "?"]
[Date "2017.10.20"]
[Round "1"]
[White "Ahlander, Bjorn"]
[Black "Livner, Anders"]
[Result "1-0"]
[WhiteElo "2433"]
[BlackElo "2364"]
[PlyCount "49"]
1. d4 d5 2. c4 c6 3. cxd5 cxd5 4. Nc3 Nf6 5. Bf4 Nc6 6. e3 Bg4 7. Nf3 Rc8 8. h3
Bxf3 9. Qxf3 e6 10. Bd3 Bd6 11. O-O O-O 12. Bg5 Be7 13. Rad1 Ne8 14. Bf4 Bd6
15. Bb1 Qb6 16. Na4 Qb4 17. b3 Bxf4 18. Qxf4 Nd6 19. Qh4 g6 20. Nc5 Rfd8 21. f4
Qa3 22. Rc1 b6 23. Nxe6 Nxd4 24. Nxd4 Qxc1 25. Qxd8+ 1-0

[Event "Elit(Team Viking-Kungstornet)"]
[Site "?"]
[Date "2017.10.20"]
[Round "1"]
[White "Sagit, Rauan"]
[Black "Lyrberg, Patrik"]
[Result "1-0"]
[WhiteElo "2411"]
[BlackElo "2460"]
[PlyCount "97"]
1. Nf3 d5 2. g3 c6 3. Bg2 Nf6 4. b3 Bf5 5. Bb2 a5 6. a3 e6 7. O-O h6 8. d3 Be7
9. Nbd2 O-O 10. Qe1 Bh7 11. e4 c5 12. a4 Nc6 13. Qe2 Qb6 14. Ne5 Nb4 15. Rac1
Rfe8 16. Rfe1 Rad8 17. h3 Qa6 18. Kh2 Bf8 19. f4 dxe4 20. dxe4 Qxe2 21. Rxe2
Nd7 22. Nec4 b6 23. Nf1 Nb8 24. Nxb6 N8c6 25. Nc4 g5 26. Nfe3 gxf4 27. gxf4 h5
28. Rf2 Bh6 29. Rg1 Kf8 30. Bf6 Rd4 31. Bxd4 cxd4 32. Nd1 Rd8 33. Ndb2 Na2 34.
Nd3 Nc3 35. Re1 Ke7 36. e5 Bxd3 37. cxd3 Nb4 38. Rf3 Rd5 39. Ref1 f5 40. exf6+
Kxf6 41. h4 Rc5 42. Bh3 Ncd5 43. Kh1 Nc2 44. Nd2 Ke7 45. Ne4 Rc3 46. f5 e5 47.
f6+ Kf8 48. Be6 Nf4 49. Rxf4 1-0